Misteri rumah roboh

Bibliographic Details
Main Author: Zulaikha
Corporate Author: Title
Format: Book
Published: Kuala Lumpur : Penerbitan Fargoes , 2001
Series:Siri Salma
Subjects:

MARC

LEADER 00000cam a2200000 7i4500
001 0000075460
005 20170919.0
008 170919
020 |a 9789831510681 
020 |a 9831510682 
090 0 0 |a AD   |b MAL 
100 1 |a Zulaikha 
245 1 0 |a Misteri rumah roboh   |c Zulaikha 
260 |a Kuala Lumpur :   |b Penerbitan Fargoes ,   |c 2001 
440 0 |a Siri Salma 
500 |a Children ages 7-9 years old (orange) 
650 0 |a Detective and mystery stories, Malay 
650 0 |a Malay fiction 
710 0 |a Title 
999 |a 0000777830   |b Book   |c Children Collection   |e Cawangan Pontian 
999 |a 0000777831   |b Book   |c Children Collection   |e Cawangan Pontian 
999 |a 0000777834   |b Book   |c Children Collection   |e Cawangan Pontian 
999 |a 000077833   |b Book   |c Children Collection   |e Cawangan Pontian 
999 |a 0000792779   |b Book   |c Children Collection   |e Cawangan Segamat 
999 |a 0000832282   |b Book   |c Children Collection   |e Cawangan Mersing 
999 |a 0000867464   |b Book   |c Children Collection   |e Cawangan Segamat 
999 |a 0000882371   |b Book   |c Children Collection   |e Cawangan Segamat 
999 |a 0000882372   |b Book   |c Children Collection   |e Cawangan Pontian 
999 |a 0000882375   |b Book   |c Children Collection   |e Cawangan Bandar Penawar